Tadej Pogačar: Nezastavitelný /
Uloženo v:
| Hlavní autor: | |
|---|---|
| Médium: | Kniha |
| Jazyk: | Czech |
| Vydáno: |
Praha :
Euromedia Group,
2026
|
| Vydání: | 1. vydání |
| Celkem bylo vypůjčeno: | 0x |
| Tagy: |
Žádné tagy |
| LEADER | 00771nam a2200241 i 4500 | ||
|---|---|---|---|
| 001 | 106713 | ||
| 003 | CZ PrNK | ||
| 005 | 20260701144616.0 | ||
| 008 | 151013p2015 xr ||||| |||| 00| 0 cze d | ||
| 020 | |a 9788028411275 |q (brožováno) | ||
| 040 | |e rda | ||
| 100 | |a McGrath, Andy | ||
| 245 | 0 | 0 | |a Tadej Pogačar: Nezastavitelný / |c Andy McGrath |
| 250 | |a 1. vydání | ||
| 264 | 1 | |a Praha : |b Euromedia Group, |c 2026 | |
| 300 | |a 327 stran | ||
| 336 | |a text |b txt |2 rdacontent | ||
| 337 | |a bez média |b n |2 rdamedia | ||
| 338 | |a svazek |b nc |2 rdacarrier | ||
| 910 | |a UOG502 | ||
| 942 | |2 ddc |c KN | ||
| 999 | |d 106713 | ||
| 993 | |0 0 |1 421180107441 |2 ddc |4 0 |6 796_799000000000000 |7 0 |9 100219 |b 0 |c 107441 |d 2026-07-01 |e 0 |f DOSP |g 796/799 |h 499.00 |i Koupě |l DOSP |r 2026-07-02 |t 5 |w 2026-07-01 |y KN |z NAUCNA |n | ||